000 01232nam2a2200277 4500
001 RU\NLR\BIBL_A\010007612
005 20250613195547.0
010 _a978-5-699-65347-8
_b10000
021 _aRU
_b2013-71328
_9567д/13
035 _a(NLR Aleph) 010007612
090 _a9835077
_c9835077
100 _a20131125d2013 |||y0rusy50 ca
101 1 _arus
_ceng
102 _aRU
105 _ay|||z|||000ay
200 1 _aМетка Афины
_f[пер. с англ. Е. Ефимовой]
210 _aМосква
_cЭксмо
_d2013
215 _a638 с.
461 0 _1001RU\NLR\bibl\1812566
_12000#$aГерои Олимпа$e[роман$eдля среднего школьного возраста]$fРик Риордан$g[пер. с англ. А. Крылова]$vКн. 3
_1700#1$aРиордан$bР.$gРик$4070
_91797070
_aРиордан, Р.
_cМосква
_d2011
_fРик Риордан
_nЭксмо
_o[роман : для среднего школьного возраста]
_tГерои Олимпа
_vКн. 3
801 0 _aRU
_bNLR
_c20110926
_gRCR
801 1 _aRU
_bNLR
_c20110926
942 _cBOOK
980 _aNB